000 00194nam a2200109Ia 4500
100 _aVEALE/WENDY.
942 _cBK
245 _aGARNISHING
260 _b#N/A
546 _aENGLISH
999 _c24923
_d24923